| 000 | 00852nam a2200229 a 4500 | ||
|---|---|---|---|
| 001 | 000030591 | ||
| 003 | DO-SdBNP | ||
| 005 | 20240412074254.0 | ||
| 008 | 110524s1942 dr 000 p spa d | ||
| 040 |
_aDO-SdBNP _bspa _cBNPHU |
||
| 082 | 4 |
_aRD861.4 _bV215a _222 |
|
| 100 | 1 |
_aValverde, Sebastián Emilio _957194 |
|
| 245 | 1 | 0 |
_aAlas de Ícaro : _bÍcaro buscó la muerte en el espacio para que sus hijos pudieran hallar la vida en el tiempo / _cSebastián Emilio Valverde. |
| 260 |
_aSantigo de los Caballeros, República Dominicana : _bEl Diario, _c1942. |
||
| 300 |
_a65 p. ; _c19 cm. |
||
| 590 | _aLa biblioteca posee dos ejemplares autografiados por el autor | ||
| 590 | _aInventariado, 2019/VM | ||
| 650 | 0 |
_aPoesía dominicana _966 |
|
| 650 | 0 |
_aLiteratura dominicana. _967 |
|
| 910 | _aValiado. Control de calidad MFF | ||
| 942 |
_2ddc _cLBS1 |
||
| 999 |
_c30083 _d30083 |
||